Chansons de Jul partie 2 - Statistiques

Statistiques générales
  • Ce quiz a été pris 738 fois
    145 depuis la dernière actualisation
  • Le résultat moyen est 63 sur 421
Statistiques - réponses
Album Chanson % Correct
D&P à vie Mimi
60%
D&P à vie Phénoménal
55%
Coeur blanc
45%
Coeur blanc Coeur blanc
40%
Demain ça ira Alors la zone
38%
Demain ça ira Assassinat
36%
C'est quand qu'il s'éteint ? La faille
36%
Indépendance Beuh à la framboise
34%
Album gratuit vol 6 Carré d'as
34%
Le classico organisé Le classico organisé
34%
Demain ça ira Rosé jetski playa
34%
Album gratuit vol 6 Burberry
32%
Demain ça ira C'est la cité
32%
C'est quand qu'il s'éteint ? C'est quand qu'il s'éteint ?
32%
Extraterrestre J'ai tout su
32%
Feat Amy | La route est longue La route est longue
32%
Indépendance La street
32%
Album gratuit vol 6 Moi
32%
Demain ça ira Pic et pic, alcool et drame
32%
Extraterrestre Superstar
32%
Album gratuit vol 6 Bandit
30%
C'est quand qu'il s'éteint ? Courtois
30%
La route est longue J'fais plaisir à la zone
30%
Demain ça ira Le bouton
30%
Demain ça ira Limitless
30%
Indépendance Ma casio
30%
La route est longue Postiché
30%
Extraterrestre 4 Juin 2022
28%
Album gratuit vol 6 A coup de crick
28%
C'est quand qu'il s'éteint ? Alcantara
28%
Indépendance Boulevard des problèmes
28%
Extraterrestre Courtoisie
28%
D&P à vie D&P à vie
28%
C'est quand qu'il s'éteint ? Droit au but
28%
Demain ça ira G-Shock
28%
Demain ça ira Je kill au mic
28%
Indépendance La miss
28%
Feat Alonzo et Naps La seleçao
28%
Inarrêtable Un jour, je l'aurai
28%
D&P à vie 2 coups d'avance
26%
D&P à vie 442
26%
Mise à jour BB
26%
Extraterrestre La dragon
26%
C'est quand qu'il s'éteint ? Tropical
26%
D&P à vie Wouaw
26%
Indépendance Aghju capitu
23%
Album gratuit vol 6 A l'impro
23%
Extraterrestre Avec José
23%
D&P à vie Bentayga
23%
Coeur blanc Beuh à la noix de coco
23%
La route est longue Beuh d'Hollande
23%
D&P à vie Cache ta Rolex
23%
Feat Vitaa Ca les dérange
23%
Album gratuit vol 6 Ca me guintch
23%
Inarrêtable Capata
23%
Album gratuit vol 6 C'est ça la vie
23%
Coeur blanc Chocolata
23%
Le classico organisé Coeur de pirate
23%
Mise à jour GTA
23%
Feat Ninho Jusqu'à minuit
23%
Mise à jour La Chabrand
23%
Album gratuit vol 6 Le crémeux
23%
Indépendance Love de moi
23%
Mise à jour Mafiosa
23%
C'est quand qu'il s'éteint ? Mazé
23%
13 Organisé 2 Miné
23%
La route est longue Miné sur Paname
23%
Feat Heuss l'enfoiré Moulaga
23%
La route est longue Sensations
23%
Demain ça ira Tchyco
23%
D&P à vie Tu sais d'où je viens
23%
Le classico organisé A la rue marié
21%
D&P à vie Après l'apéro
21%
13 Organisé 2 Bande organisée 2
21%
Coeur blanc Camouflage
21%
Single hors album Cassage de nuques
21%
Extraterrestre Ca tourne dans ma tête
21%
Indépendance Dans la zon
21%
Feat Gradur D'or et de platine
21%
C'est quand qu'il s'éteint ? DP sur le maillot
21%
Feat Maes Dybala
21%
C'est quand qu'il s'éteint ? Entraînement
21%
Album gratuit vol 6 Faut faire des choix
21%
Demain ça ira Finito
21%
Album gratuit vol 6 Fou d'elle
21%
Extraterrestre Frozen
21%
Mise à jour Il pleut des balles
21%
D&P à vie | Feat Alonzo Ils le savent
21%
Demain ça ira John
21%
La route est longue Juste un bisou
21%
Indépendance La frappe de Tanger
21%
Coeur blanc Le 100 le 100
21%
Feat Rohff Legend
21%
Extraterrestre Ma drogue
21%
D&P à vie Ma puce
21%
Feat Ghetto Phénomène Maria Maria
21%
Demain ça ira Mental d'or et de platine
21%
Feat SCH Mode akimbo
21%
Coeur blanc Namek
21%
Décennie Oh qu'elle est belle
21%
Album gratuit vol 6 Ovni présent
21%
C'est quand qu'il s'éteint ? Ragnar
21%
D&P à vie Sous l'eau
21%
Demain ça ira Tereza
21%
Album gratuit vol 6 Vite faistre
21%
C'est quand qu'il s'éteint ? À la vue
19%
Coeur blanc Au bord de la mer
19%
Feat ANNA Bando
19%
Feat Maître Gims Boucan
19%
La route est longue C'est pas facile
19%
Coeur blanc C'est pas la mairie
19%
Indépendance Chemin de Morgiou
19%
Extraterrestre Coeur blessé
19%
Indépendance Dans la cour
19%
Extraterrestre En two two bé
19%
Coeur blanc Europa
19%
Extraterrestre Gigi
19%
Indépendance Je calcule personne
19%
Demain ça ira Je m'endors mal luné
19%
Demain ça ira Je n'ai pas que des potes
19%
La route est longue La fusion
19%
Indépendance La sacem à Madonna
19%
Indépendance Le charbon c'est le casino
19%
Le classico organisé Légendaire
19%
La route est longue Le rappeur à 3 lettres
19%
Le classico organisé Les galactiques
19%
Décennie Le trio ternura
19%
Feat Alonzo Normal
19%
Feat Mister V Pirelli
19%
Décennie Siège chauffant
19%
Extraterrestre Ténébreux
19%
Mise à jour Tié fou
19%
Demain ça ira Tragique
19%
Demain ça ira Transporteur
19%
Coeur blanc U pistulettu
19%
La route est longue Business
17%
Demain ça ira Cassage de nuques, pt. 4
17%
Le classico organisé Ca vire au drame
17%
C'est quand qu'il s'éteint ? Coco
17%
Extraterrestre Comme au bon vieux temps
17%
Extraterrestre Dans la loge
17%
Mise à jour Dans l'RS3
17%
La route est longue Dans ma mama
17%
Décennie D'or et de diamant
17%
La route est longue En revenant d'Alicante
17%
Extraterrestre Flouz
17%
Indépendance Flow mitraillette
17%
Mise à jour Holà que tal ?
17%
D&P à vie Je t'aime pour la vie
17%
Extraterrestre J'éteins mon téléphone
17%
Extraterrestre Je te veux toi
17%
Feat Kamikaz Je veux
17%
La route est longue La maquina
17%
Le classico organisé Loi de la caille
17%
D&P à vie Love et haine
17%
La route est longue Luffy
17%
Inarrêtable Ma douce
17%
C'est quand qu'il s'éteint ? Ma gentillesse
17%
Indépendance Maison Margiela
17%
Mise à jour Me prends pas la tête
17%
Inarrêtable Montblanc
17%
Décennie Mon top model
17%
Feat 100 Blaze et Naps Papier rose
17%
Feat Naps Sans limites
17%
Coeur blanc A.C.C.C
15%
Le classico organisé Amour et paix
15%
Coeur blanc Aqua dans la Mercedes
15%
La route est longue Au-dessus de l'Atlas
15%
Coeur blanc Canette dans les mains
15%
Le classico organisé C'est pas un film
15%
Indépendance Cette fois
15%
D&P à vie Comme tu fais on te fera
15%
Album gratuit vol 6 En chair et en or
15%
Extraterrestre Faut pas (Extraterrestre)
15%
Extraterrestre J'ai le démon
15%
Inarrêtable Je veux que toi
15%
La route est longue J'fais que danser
15%
Coeur blanc Le Rrrin
15%
Décennie Love de toi
15%
Feat Soprano Marseille c'est...
15%
Le classico organisé Mauvais garçon
15%
Single hors album Mon amour
15%
C'est quand qu'il s'éteint ? Montana
15%
Indépendance Nine
15%
Coeur blanc Numéro ten
15%
Le classico organisé Quitte à les decevoir
15%
Indépendance Rallumer le toupew
15%
C'est quand qu'il s'éteint ? Sentimental
15%
Extraterrestre Sur la Costa del Sol
15%
Indépendance Toda la noche
15%
C'est quand qu'il s'éteint ? Uwa Ni Lé
15%
Mise à jour Vrai sancho
15%
La route est longue Y'a pas d'âge pour pleurer
15%
La route est longue Y'a plus de raison
15%
Inarrêtable Y'a plus de reconnaissance
15%
Décennie Avec tonton
13%
Feat Naps, SCH et Khalif Hardcore Avengers
13%
Le classico organisé Barrio
13%
Le classico organisé Blindé comme un tank
13%
Décennie Blocco
13%
Inarrêtable Boucle dorée
13%
C'est quand qu'il s'éteint ? Buakaw
13%
C'est quand qu'il s'éteint ? Chagriné
13%
C'est quand qu'il s'éteint ? Coeur démoli
13%
Le classico organisé Comme à l'ancienne
13%
Décennie Découpage
13%
Coeur blanc Eh ça va Guy
13%
C'est quand qu'il s'éteint ? En roue libre
13%
C'est quand qu'il s'éteint ? Faut s'enfuir
13%
Coeur blanc Forbidden
13%
Le classico organisé Ghettoïsé
13%
Feat Maître Gims et SCH GJS
13%
D&P à vie J'ai besoin d'air
13%
Mise à jour J'ai pris le mic
13%
Mise à jour Je change pas
13%
Le classico organisé Je me sens seul
13%
Inarrêtable Je m'habille pas en Versace
13%
La route est longue J'suis pas devin
13%
Coeur blanc Konami
13%
Mise à jour L'alien
13%
Feat SativaMusic & DelaJowy La Noche
13%
Coeur blanc La vie de rêve
13%
Feat Hooss La zone
13%
Mise à jour Le couz du 12
13%
Le classico organisé Mafiosi
13%
Inarrêtable Maille
13%
Coeur blanc Ma rue
13%
Feat Naps Mek du binks
13%
Le classico organisé Micro chargé
13%
C'est quand qu'il s'éteint ? Mon sucre d'amour
13%
Mise à jour Non-stop
13%
Le classico organisé On a trop charbonné
13%
Le classico organisé On se connaît
13%
C'est quand qu'il s'éteint ? Opérationnel
13%
Extraterrestre Pas de panique
13%
Coeur blanc Pistolet 45
13%
Coeur blanc Potion
13%
Décennie Power
13%
Indépendance Que la vérité
13%
C'est quand qu'il s'éteint ? Range ton égo
13%
Le classico organisé Relaxx
13%
La route est longue Sali
13%
La route est longue Sherbet
13%
Feat Wejdene Single d'or
13%
Extraterrestre Sous la Simond
13%
Feat Koba la D TCPLT
13%
Le classico organisé Testarossa
13%
Extraterrestre 1 fois mais pas 2
11%
Feat Houari Abandonner
11%
Feat Rhove & Sfera Ebbasta Amore Mio
11%
Inarrêtable Arrête tes manières
11%
Feat Mister You Ca se fait pas
11%
Mise à jour Ça tire
11%
Inarrêtable C'est ça les collègues ?
11%
Décennie Couz
11%
Feat TK Crush
11%
Feat Kalash criminel Dans la zone
11%
Feat SCH et Le rat luciano Fantôme
11%
Le classico organisé Faut qu'on s'en aille
11%
Feat Soolking Fruit de la zone
11%
Le classico organisé Gomorra
11%
Coeur blanc Grazie la zone
11%
Le classico organisé Heetch
11%
Mise à jour I'm sorry
11%
Coeur blanc J'ai vidé le magnum
11%
Coeur blanc Je deviens loco
11%
Coeur blanc Je le savais
11%
C'est quand qu'il s'éteint ? Je m'en fous de tout
11%
Feat Kalash criminel Je ne comprends pas
11%
Feat Timal La beu beu
11%
C'est quand qu'il s'éteint ? Le coeur avant tout
11%
Le classico organisé L'élégance
11%
Feat Gips et Naps Le monde est à nous
11%
13 Organisé 2 Mental 13
11%
Feat Dinor Mexicaine
11%
Coeur blanc Mon coeur pour toi
11%
Indépendance N'oublie pas tes métaux
11%
Le classico organisé Oh mama oh
11%
Le classico organisé On refait le monde
11%
Décennie On sent pas les coups
11%
Coeur blanc Perché
11%
Mise à jour Plein de manies
11%
Feat Soso Maness Puta Madre
11%
D&P à vie Que des promesses
11%
Feat L'algerino et SCH Sapapaya
11%
13 Organisé 2 Sous le soleil
11%
Feat Alonzo Sur la moto
11%
Coeur blanc Sur la selle
11%
13 Organisé 2 Tour du monde
11%
Le classico organisé Tout pour la mif
11%
Décennie TP dans le froid
11%
Décennie Vacancia
11%
Mise à jour Vida loca
11%
Mise à jour Visage masqué
11%
Inarrêtable Wesh alors le deum
11%
Le classico organisé Zone à risque
11%
Feat Moubarak, La famax, TK, L'allemand et Vrax 1369
9%
13 Organisé 2 Affaire classée
9%
Feat Thabiti Basta Cosi
9%
La route est longue Battitsu
9%
13 Organisé 2 Besoin de toi
9%
Feat Baby Gang Boîte
9%
Feat Soprano Cabeza
9%
Mise à jour C'est ce que je voulais
9%
Décennie C'est pas grandiose
9%
Feat La famax Chapeau de paille
9%
Feat Landy Chasse à l'homme
9%
Feat Soolking et Kliff CNLZ
9%
Feat YL Copacabana
9%
13 Organisé 2 Couronnés
9%
Décennie Cramoutch
9%
13 Organisé 2 Eh oué mon sang
9%
Feat Lacrim Eric Cantona
9%
13 Organisé 2 Faya
9%
Feat DJ Kayz | Feat Dj Kayz Fidèle à ma team
9%
Inarrêtable Fugati
9%
Coeur blanc Héros
9%
Coeur blanc Ils m'ont fait mal
9%
Feat Houari J'en ai rien à faire
9%
Feat Frenetik Je sais
9%
Décennie Je Salue
9%
D&P à vie Je veux plus te voir
9%
Coeur blanc Jhota ou mero
9%
13 Organisé 2 Les méchants de la rue
9%
13 Organisé 2 Marseille résonne
9%
13 Organisé 2 Mélodie des loups
9%
13 Organisé 2 Miséria
9%
Feat RK Ne crois pas que c'est drôle
9%
Coeur blanc Néo
9%
Coeur blanc N'importe quoi
9%
Mise à jour No remords
9%
Feat L'Algérino On m'a dit
9%
Feat Moubarak On va tout PT
9%
Décennie Pitchi Mamore
9%
Indépendance Que ça se mêle
9%
Inarrêtable Rare comme un diamant
9%
13 Organisé 2 Respectés dans le monde
9%
Feat Mister You Reste Trankil
9%
13 Organisé 2 Rolex présidentielle
9%
Feat Elams Sortez les bouteilles
9%
Coeur blanc Sous tension
9%
Feat Imen Es Stop
9%
Feat Miya Tous les deux
9%
Décennie Tout ce qu'il faut
9%
Inarrêtable Un heureux, un déçu
9%
Feat Don Choa Un monde meilleur
9%
Feat 4.4.2, Tayc, Soolking et Naza Va bene
9%
13 Organisé 2 4 motion
6%
Single hors album Baïla
6%
Feat SAF Break
6%
13 Organisé 2 Cali au soleil
6%
Single hors album Cassage de nuques, Pt. 2
6%
Feat Marwa Loud Ca y est
6%
Feat Sasso C'est ma vie
6%
Inarrêtable C'est pas la peine
6%
Inarrêtable Coeur en or
6%
Feat Kamikaz Dans mes rêves
6%
Feat L'allemand Elle veut
6%
Feat Ghetto phénomène En chaleur
6%
Feat Moubarak, Badjoe et TK Faut que tu les guinte
6%
13 Organisé 2 Il est l'heure
6%
Décennie Incognito
6%
Coeur blanc J'ai fait le tri
6%
Inarrêtable Je suis fait pour ...
6%
Feat DJ Kayz, Rim'k & Dieselle Jnouné
6%
13 Organisé 2 J'oublie pas
6%
Feat Paky La bellavita
6%
Feat Sysa Là-haut
6%
Single hors album La recette
6%
Feat Kofs Le Fameux
6%
Feat Brulux Léger Gui
6%
Feat Ghetto phénomène Ma life
6%
13 Organisé 2 Mentalité Sosa
6%
13 Organisé 2 Mode sport
6%
Décennie Ne me fais plus coucou
6%
Feat L'Algérino On va où ?
6%
Feat Voltage Oulala
6%
Inarrêtable Partire
6%
Feat Soprano, Alonzo et SCH Planète Mars 2021
6%
Feat Moubarak, TK, Soprano, Alonzo et Vincenzo Plata en platine
6%
Inarrêtable Plus de pitié
6%
Coeur blanc Première League
6%
Feat Kenza Farah Problèmes
6%
13 Organisé 2 Remontada
6%
Feat Ghetto phénomène Rho la la
6%
Inarrêtable Toujours la même
6%
Feat Gaya Truc de malade
6%
Inarrêtable Un point c'est tout
6%
13 Organisé 2 Wesh Guy
6%
Single hors album A coup de taser
4%
Single hors album A croire que
4%
Single hors album Bonne année
4%
13 Organisé 2 Ce monde est cruel
4%
Single hors album Dans le 13
4%
Single hors album En live de periscope
4%
Single hors album Irréversible
4%
Feat Guirri Mafia L'argent rend beau
4%
Single hors album Loin du ghetto
4%
Single hors album Ma belle
4%
Single hors album Pour pas win
4%
Feat Hooss et Soprano Stone
4%
13 Organisé 2 Tôt ou tard
4%
Single hors album V2F
4%
Single hors album A la russe
2%
Single hors album Booska dans la nuque (Pt.2)
2%
Single hors album Je dis ce que je pense
2%
Single hors album Je fais ma vie
2%
Single hors album Je suis comme toi
2%
Single hors album Moi si moi ça
2%
Single hors album Va là bas
2%
Single hors album Je suis bleu
0%
Single hors album Je suis perdu
0%
Single hors album J'suis là
0%
Inarrêtable La vue be blessé
0%
Single hors album Magique
0%
Single hors album On peut m'oublier
0%
Single hors album Putain de life
0%
Single hors album Que ça me critique
0%
Aucun quiz correspondant
Distribution des résultats
% des personnes avec chaque résultat
Percentile par nombre de réponses
Votre historique - résultats
Vous n’avez pas pris ce quiz depuis la dernière actualisation